| 000 | 00484pab a2200181 454500 | ||
|---|---|---|---|
| 008 | 180718b2012 xxu||||| |||| 00| 0 eng d | ||
| 100 | _aRaghu, K. | ||
| 245 | _aFavouring the rich: Domestic electricity tariff in Andhra Pradesh | ||
| 260 | _c2012 | ||
| 300 | _ap.19-22. | ||
| 362 | _a18 Aug | ||
| 650 | _aElectricity - India - Andhra Pradesh | ||
| 650 | _aElectricity | ||
| 700 | _aReddy, M. Thimma | ||
| 773 | _aEconomic and Political Weekly | ||
| 908 | _aN | ||
| 909 | _a97092 | ||
| 999 |
_c97092 _d97092 |
||